Pays qui finissent par des lettres chères au Scrabble (k et y) - Statistiques

Statistiques générales
  • Ce quiz a été pris 65 fois
  • Le résultat moyen est 3 sur 5
Statistiques - réponses
Hint Réponse % Correct
Q Irak
77%
Y Paraguay
68%
U Uruguay
68%
K Danemark
40%
k Iles Cook
3%
Aucun quiz correspondant
Distribution des résultats
% des personnes avec chaque résultat
Percentile par nombre de réponses
Votre historique - résultats
Vous n’avez pas pris ce quiz